Saltar al contenido
Inicio
Centros participantes
Catálogo
Servicios
Contacto
כניסה לחשבון
English
Deutsch
Español
Français
Italiano
日本語
Nederlands
Português
Português (Brasil)
中文(简体)
中文(繁體)
Türkçe
עברית
Gaeilge
Cymraeg
Ελληνικά
Català
Euskara
Русский
Čeština
Suomi
Svenska
polski
Dansk
slovenščina
اللغة العربية
বাংলা
Galego
Tiếng Việt
Hrvatski
हिंदी
Հայերէն
Українська
Sámegiella
שפה
כל השדות
כותר
מחבר
נושא
סימן המיקום
ISBN/ISSN
תג
מצא
מתקדם
Las Relaciones entre el gobier...
יצירת מראה מקום
שלח את זה
הדפסה
יצוא רשומה
יצוא אל RefWorks
יצוא אל EndNoteWeb
יצוא אל EndNote
הוספה למועדפים
Enlace Permanente
Agregar primera valuación
Las Relaciones entre el gobierno central y empresas públicas: planteamiento del problema
שמור ב:
מידע ביבליוגרפי
מחבר ראשי:
Boneo, Horacio
פורמט:
Texto
יצא לאור:
San José:
ICAP
תגים:
הוספת תג
אין תגיות, היה/י הראשונ/ה לתייג את הרשומה!
מלאי ספרים
תיאור
הערות
פריטים דומים
תצוגת צוות
MARC
LEADER
00000 a a2200000 04500
001
17422
003
040
090
|a
020100
100
|a
Boneo, Horacio
245
|a
Las Relaciones entre el gobierno central y empresas públicas: planteamiento del problema
260
|a
San José:
|b
ICAP
300
|a
70 p.
999
|c
5703
|d
5703
פריטים דומים
Programa de investigación "Cultura política, estado y políticas públicas en Centro América": una justificación /
מאת: Mora Alfaro, Jorge A.
Empleo en el sector construcción. Perspectivas del empleo en la construcción para el período 1975-1980 en Costa Rica
Conclusiones y recomendaciones del primer seminario sobre la industria de la construcción
Características de la región y programa global de desarrollo (informe resumido)
Datos generales, introducción a los inventarios e inventario de los recursos naturales de la península de Nicoya: cantones de Carrillo, Santa Cruz, Nicoya y Nandayure de Guanacaste; distritos de Lepanto y Paquera de Puntarenas / Pedro Tirado Sulsona
מאת: Tirado Sulsona, Pedro